Vật lý đại cương Biên soạn theo chương trình của bộ giáo dục và đào tạo ban hành năm 1990; Dùng cho các trường các khối công nghiệp, công trình thủy lợi, giao thông vận tải Tập 1 Cơ - Nhiệt
Điện-dao động và sóng
Đã lưu trong:
| Príomhúdar: | |
|---|---|
| Údair Eile: | , |
| Formáid: | Leabhar |
| Teanga: | Vietnamese |
| Foilsithe: |
H.
Giáo dục
2005
|
| Eagrán: | Tái bản lần thứ 12 |
| Sraith: | Sách Đại học sư phạm
|
| Ábhair: | |
| Clibeanna: |
Cuir Clib Leis
Gan Chlibeanna, Bí ar an gcéad duine leis an taifead seo a chlibeáil!
|
| Thư viện lưu trữ: | Mạng thư viện Đại học Đà Nẵng |
|---|
| LEADER | 01523nam a2200409 4500 | ||
|---|---|---|---|
| 001 | 000013192 | ||
| 003 | 9530 | ||
| 005 | 20140225150238.0 | ||
| 008 | 120312s2005 viesd | ||
| 020 | |c 14000 | ||
| 041 | 0 | |a vie | |
| 082 | |a 530.07 |b LƯ-B | ||
| 100 | 0 | |a Lương Duyên Bình |e Tác giả | |
| 245 | 1 | 0 | |a Vật lý đại cương |b Biên soạn theo chương trình của bộ giáo dục và đào tạo ban hành năm 1990; Dùng cho các trường các khối công nghiệp, công trình thủy lợi, giao thông vận tải |c Lương Duyên Bình |n Tập 1 |p Cơ - Nhiệt |
| 250 | |a Tái bản lần thứ 12 | ||
| 260 | |a H. |b Giáo dục |c 2005 | ||
| 300 | |a 195 tr. |c 20cm | ||
| 490 | |a Sách Đại học sư phạm | ||
| 520 | |a Điện-dao động và sóng | ||
| 653 | |a Bài tập | ||
| 653 | |a giáo trình | ||
| 653 | |a Vật lý | ||
| 653 | |a Đại cương | ||
| 700 | |a Nguyễn Hữu Hồ | ||
| 700 | |a Lê Văn Nghĩa |a Nguyễn Tụng | ||
| 773 | |t Bài tập vật lý đại cương |w 4580 | ||
| 910 | |a duyên | ||
| OWN | |a LSP | ||
| AVA | |a UDN50 |b LSP |d 530.07 LƯ-B |e check_holdings |t Error 5003 Not defined in file expand_doc_bib_avail. |h N |k 1 | ||
| 999 | |a From the UDN01 | ||
| AVA | |a UDN50 |b LSP |d 530.07 LƯ-B |e available |t Error 5001 Not defined in file expand_doc_bib_avail. |f 161 |g 11 |h N |i 30 |k 1 | ||
| TYP | |a Monograph | ||
| TYP | |a Printed language | ||
| 980 | |a Mạng thư viện Đại học Đà Nẵng | ||